Most popular roblox games (experiences) 2022 - Statistics

General Stats
  • This quiz has been taken 89 times
  • The average score is 8 of 15
Answer Stats
Visits Answer % Correct
27.9B Adopt Me!
95%
17.3B Brookhaven RP
77%
5.8B Welcome to Bloxburg
68%
13.3B MeepCity
64%
5.7B Jailbreak
59%
7.8B Murder Mystery 2
55%
10.2B Piggy
52%
3.9B Pet Simulator X
50%
7.6B Royale High
48%
17.2B Tower of Hell
48%
3.9B Arsenal
41%
4.6B Blox Fruits
38%
3.7B Work at a Pizza Place
32%
3B Bedwars
30%
3.6B All Star Tower Defence
4%
No matching quizzes found
Score Distribution
Percent of People with Each Score
Percentile by Number Answered
Your Score History
You have not taken this quiz